00466nmm a2200169Ia 4500008004100000020001800041041000800059100003000067245001800097264005100115300001700166490002000183650001900203856005000222942000700272999001700279251105s9999||||xx |||||||||||||||||und|| a9788470301834 aspa aIbáñez Novo, Mercedes 0aLuz de orilla a[Madrid, España] :bBiblioteca Nueva, c1971 a57 páginas aPoesía Actual aSpanish poetry uhttps://public.digitaliapublishing.com/a/4192 cCF c84725d84725